logo

Bir Sreshtho Munshi Abdur Rouf Library
Jhenaidah Cadet College

পূর্ব পাকিস্তানী আঞ্চলিক ভাষার অভিধান / (Record no. 4823)

MARC details
000 -LEADER
fixed length control field 01163nam a2200241 a 4500
001 - CONTROL NUMBER
JCCL Control Number 4823
003 - CONTROL NUMBER IDENTIFIER
JCCL marc code BD-JhCC
005 - DATE AND TIME OF LATEST TRANSACTION
control field 20171227165352.0
008 - FIXED-LENGTH DATA ELEMENTS--GENERAL INFORMATION
fixed length control field 171203s1968 bg |||| ||a| 000 0 ben d
035 ## - SYSTEM CONTROL NUMBER
system control number (BD-JhCC)4823
040 ## - CATALOGING SOURCE
Original cataloging agency BD-JhCC
Modifying agency BD-JhCC
041 ## - LANGUAGE CODE
Language code of Book ben
082 ## - DEWEY DECIMAL CLASSIFICATION NUMBER
Classification number 491.44321
Author mark and Year PUR 1968
245 ## - TITLE STATEMENT
Title পূর্ব পাকিস্তানী আঞ্চলিক ভাষার অভিধান /
Statement of responsibility, etc মুহম্মদ শহীদুল্লাহ্ (সম্পাদনা)
260 ## - PUBLICATION, DISTRIBUTION, ETC. (IMPRINT)
Place of publication, distribution, etc ঢাকা :
Name of publisher, distributor, etc বাংলা একাডেমী,
Date of publication, distribution, etc 1968.
300 ## - PHYSICAL DESCRIPTION
Pagination 590 p. :
Dimensions 28 cm.
505 ## - FORMATTED CONTENTS NOTE
Formatted contents note কপি-১ : ব্যঞ্জন বর্ণ অংশ (খ) ত থেকে অবশিষ্ট বর্ণ,<br/>কপি-২ : ব্যঞ্জন বর্ণ অংশ (ক) ক, চ ও ট বর্গ,<br/>কপি-৩ ও ৪ : স্বরবর্ণ অংশ প্রসঙ্গকথা ও ভূমিকা সহ।<br/>
650 ## - SUBJECT ADDED ENTRY--TOPICAL TERM
Topical term or geographic name as entry element Bengali Dictionaries
650 ## - SUBJECT ADDED ENTRY--TOPICAL TERM
Topical term or geographic name as entry element Bengali Language
700 ## - ADDED ENTRY--PERSONAL NAME
Personal name শহীদুল্লাহ্ , মুহম্মদ
942 ## - ADDED ENTRY ELEMENTS (KOHA)
Source of classification or shelving scheme Dewey Decimal Classification
Koha item type Reference
Holdings
Source of classification or shelving scheme Damaged status Not for loan Home library Current library Shelving location Date of accession Cost, normal purchase price Total Checkouts Full call number Barcode Date last seen Copy number Koha item type volume number
Dewey Decimal Classification     JCC Rouf Library JCC Rouf Library General Stacks 12/03/2017 35.00   491.44321 PUR 1968 6486 12/03/2017 C- 1 Reference  
Dewey Decimal Classification     JCC Rouf Library JCC Rouf Library General Stacks 12/03/2017 25.00   491.44321 PUR 1968 6485 12/03/2017 C- 2 Reference  
Dewey Decimal Classification     JCC Rouf Library JCC Rouf Library General Stacks 12/03/2017 15.00   491.44321 PUR 1968 6484 12/03/2017 C- 3 Reference  
Dewey Decimal Classification     JCC Rouf Library JCC Rouf Library General Stacks 12/04/2017 15.00   491.44321 PUR 1968 6653 12/04/2017 C- 4 Reference V-1

JCC Library | Contacts | JCC Home

Last Update on 23 September 2017
Copyright @ 2017-2020 JCC Rouf Library
Rouf Library, Jhenidah Cadet College (JCC), Bangladesh